000
00212nam a2200097Ia 4500
008
240331s9999 xx 000 0 und d
082
_b
THE
100
_a
Marx, A,. ed
245
0
_a
Thesiyam oru katpitham
942
_c
L
999
_c
2056
_d
2056